Analytical chemistry. -- 6th ed. [electronic resource] (Record no. 83933)
[ view plain ]
| 000 -LEADER | |
|---|---|
| fixed length control field | 01006nam a2200205 a 4500 |
| 008 - FIXED-LENGTH DATA ELEMENTS--GENERAL INFORMATION | |
| fixed length control field | 140630c20049999||||||||||||||||| || u |
| 020 ## - INTERNATIONAL STANDARD BOOK NUMBER | |
| International Standard Book Number | 9780471451372 |
| 050 ## - LIBRARY OF CONGRESS CALL NUMBER | |
| Classification number | CD/QD 101.2 Chr |
| 100 ## - MAIN ENTRY--PERSONAL NAME | |
| Personal name | Christian, Gary D |
| 245 10 - TITLE STATEMENT | |
| Title | Analytical chemistry. -- 6th ed. [electronic resource] |
| Statement of responsibility, etc. | Gary D. Christian |
| Medium | [cd-rom] |
| 250 ## - EDITION STATEMENT | |
| Edition statement | 6th ed. |
| 260 ## - PUBLICATION, DISTRIBUTION, ETC. | |
| Place of publication, distribution, etc. | Hoboken, N.J. |
| Name of publisher, distributor, etc. | John Wiley and Sons |
| Date of publication, distribution, etc. | 2004 |
| 300 ## - PHYSICAL DESCRIPTION | |
| Extent | CD-ROM |
| 500 ## - GENERAL NOTE | |
| General note | Donated by Counsellor Kang'ombe (3). CD-ROM accompanies a text |
| 650 #0 - SUBJECT ADDED ENTRY--TOPICAL TERM | |
| Topical term or geographic name entry element | CHEMISTRY--HANDBOOKS, MANUALS, ETC |
| 650 ## - SUBJECT ADDED ENTRY--TOPICAL TERM | |
| Topical term or geographic name entry element | CHEMISTRY, ANALYTIC--QUANTITATIVE |
| 995 ## - | |
| -- | e-RESOURCES |
| -- | 20140047 |
| -- | CBU-MAIN LIBRARY (Kitwe) |
| -- | CD/QD 101.2 Chr |
| -- | 1 |
| -- | AVAILABLE |
| -- | Jun 30, 2014 |
| -- | 20140047 |
| -- | e-Media Collection |
| 995 ## - | |
| -- | e-RESOURCES |
| -- | 20140048 |
| -- | CBU-MAIN LIBRARY (Kitwe) |
| -- | CD/QD 101.2 Chr |
| -- | 2 |
| -- | AVAILABLE |
| -- | Jun 30, 2014 |
| -- | 20140048 |
| -- | e-Media Collection |
| 995 ## - | |
| -- | e-RESOURCES |
| -- | 20141162 |
| -- | CBU-MAIN LIBRARY (Kitwe) |
| -- | CD/QD 101.2 Chr |
| -- | 3 |
| -- | AVAILABLE |
| -- | May 5, 2016 |
| -- | 20141162 |
| -- | e-Media Collection |
| 999 ## - | |
| -- | 83933 |
| -- | 83933 |
| Withdrawn status | Lost status | Source of classification or shelving scheme | Damaged status | Not for loan | Permanent Location | Current Location | Shelving location | Date acquired | Total Checkouts | Full call number | Barcode | Date last seen | Copy number | Price effective from | Koha item type |
|---|---|---|---|---|---|---|---|---|---|---|---|---|---|---|---|
| CBU-MAIN LIBRARY, KITWE. | CBU-MAIN LIBRARY, KITWE. | 01/08/2024 | CD/QD 101.2 Chr | 20140047 | 01/08/2024 | 1 | 01/08/2024 | DVD/CD-ROM | |||||||
| CBU-MAIN LIBRARY, KITWE. | CBU-MAIN LIBRARY, KITWE. | 01/08/2024 | CD/QD 101.2 Chr | 20140048 | 01/08/2024 | 2 | 01/08/2024 | DVD/CD-ROM | |||||||
| CBU-MAIN LIBRARY, KITWE. | CBU-MAIN LIBRARY, KITWE. | 01/08/2024 | CD/QD 101.2 Chr | 20141162 | 01/08/2024 | 3 | 01/08/2024 | DVD/CD-ROM |